01369 a2200229 45000010006000000050017000060080041000230030015000640400040000790800092001192450084002112500012002952640034003073000022003415050563003630410008009261000029009347000028009637000029009917000024010208560095010444230420260407155712.0260407a2017 arg spa dAR-UNSa-BCEJYS aAR-UNSa-BCEJYSbspacAR-UNSa-BCEJYS a336.226.111xImpuestos sobre ingresos totales (Ingresos brutos - Convenio Multilateral)10aConvenio multilateral, Impuestos internos, MonotributopExplicados y comentados a9a. ed. 1aBuenos Aires :bErreparc2017 ax, 131 p.c27 cm. aCONVENIO MULTILATERAL: 1. Introducción - 2. Ámbito de aplicación del convenio multilateral - 3. Régimen general - 4. Regímenes especiales - 5. Iniciación y cese de actividades - 6. Organismos de aplicación - IMPUESTOS INTERNOS: 1. Aspetos generales - 2. Hecho imponible - 3. Exenciones - 4. Liquidación de Impuestos - 5. Pago del Impuesto - 6. Alícuotas - MONOTRIBUTO: 1. Antecedentes - 2. Características generales - 3. Liquidación de gravamen - 4. Abandono del régimen simplificado - 5. Interrelación con otras normas impositiva  aspa1 aCeldeiro, Ernesto Carlos1 aImirizaldu, Juan José1 aGómez, María Celeste1 aRofrano, Guido Omar41uhttps://biblioeco.unsa.edu.ar/pmb/images/libros/L126520.jpgyImagen de portadaqimage/jpeg